Statistics for Dinosaur by Picture - Herbivores

Click here to take the quiz!

General Stats

  • This quiz has been taken 24 times
  • The average score is 8 of 15

Answer Stats

Answer% Correct
Brachyceratops
76%
Diplodocus
76%
Stegoceras
76%
Therizinosaurus
76%
Edmontosaurus
65%
Styracosaurus
65%
Amargasaurus
59%
Brachiosaurus
59%
Camarasaurus
59%
Kosmoceratops
47%
Nothronychus
35%
Barosaurus
29%
Saltasaurs
29%
Prenocephale
24%
Sauralophus
18%

Score Distribution

Percentile by Number Answered

Percent of People with Each Score

Your Score History

You have not taken this quiz